000
00307 a2200145 4500
001
177257
020
_a
040
_c
Magnum
100
_a
Rocha, Denise Michaloskey da
240
1
0
_a
Livro de jogos
_l
por
245
1
0
_a
Livro de jogos
362
0
_a
1899
697
_a
MAGNITO: PARADIDATICO
942
_c
BK
999
_c
177257
_d
177257